| 000 | 01347cam a2200349 a 4500 | ||
|---|---|---|---|
| 999 |
_c1042 _d1042 |
||
| 001 | 13691724 | ||
| 003 | OSt | ||
| 005 | 20210623090236.0 | ||
| 008 | 040818s2006 maua b 001 0 eng | ||
| 010 |
_a 2004112211 _z 2004112193 _z 2004112230 _z 2004112260 |
||
| 020 | _a0618230289 (v. 1) | ||
| 020 | _a0618230297 (v. 2) | ||
| 020 | _a0618230300 (v. 3) | ||
| 020 | _a0618230319 (v. 4) | ||
| 035 | _a(OCoLC)ocm70068869 | ||
| 040 |
_aVCN _cVCN _dBAKER _dDLC |
||
| 042 | _alccopycat | ||
| 050 | 0 | 0 |
_aPE1128 _b.C6938 2006 |
| 245 | 0 | 0 | _aCollege writing. |
| 260 |
_aBoston : _bHoughton Mifflin, _cc2006. |
||
| 300 |
_a4 v. : _bill. ; _c23 cm. |
||
| 490 | 0 | _aHoughton Mifflin English for academic success | |
| 504 | _aIncludes bibliographical references and indexes. | ||
| 505 | 1 | _a1. Low intermediate / Karen E. Walsh -- 2. Intermediate / Eileen Cotter -- 3. High intermediate / Gabriella Nuttall -- Advanced / Li-Lee Tunceren, Sharon L. Cavusgil. | |
| 650 | 0 |
_aEnglish language _vTextbooks for foreign speakers. |
|
| 650 | 0 |
_aEnglish language _xRhetoric _vProblems, exercises, etc. |
|
| 650 | 0 |
_aReport writing _vProblems, exercises, etc. |
|
| 700 | 1 | _aWalsh, Karen E. | |
| 906 |
_a7 _bcbc _ccopycat _d2 _eepcn _f20 _gy-gencatlg |
||
| 942 |
_2lcc _cBK _nSO |
||